Oldest European Settlements in Australia/New Zealand by Region - Statistics

General Stats
  • This quiz has been taken 111 times
    59 since last reset
  • The average score is 9 of 24
Answer Stats
Year Town Region % Correct
1788 Sydney New South Wales
100%
1803 Hobart Tasmania
98%
1836 Adelaide South Australia
89%
1869 Darwin Northern Territory
81%
1813 Portland Victoria
69%
1824 Redcliffe Queensland
50%
1826 Albany Sound Western Australia
48%
1839 Wellington Wellington
44%
1841 Auckland Auckland
41%
1841 Nelson Nelson
31%
1824 Camberry Australian Capital
28%
1848 Dunedin Otago
24%
1847 Tauranga Bay of Plenty
19%
1842 New Plymouth Taranaki
17%
1864 Hokitika West Coast
17%
1831 Poverty Bay Gisborne
15%
1855 Napier Hawkes Bay
15%
1840 Russell Northland
15%
1836 South Riverton Southland
13%
1843 Wakefield Tasman
13%
1836 Peraki Canterbury
11%
1852 Blenheim Marlborough
11%
1822 Kerikeri Waikato
9%
1840 Whanganui Manawatu-Wanganui
7%
No matching quizzes found
Score Distribution
Percent of People with Each Score
Percentile by Number Answered
Your Score History
You have not taken this quiz since the last reset